000 00437nam a2200157 a 4500
001 000038606
005 20230131102203.0
008 130416s2009 dr 000 0 spa d
040 _aDO-SdBNP
_bspa
_cBNPHU
100 1 _aMorel, Luis A. Ulloa
_9691
245 1 0 _aPara entender filosofia /.
250 _a4a. ed.
260 _aSanto Domingo :
_bEdiciones Saberes,
_c2009.
300 _a64 p. ;
_c21 cm.
504 _aBibliografía : p. 63-64
999 _c38096
_d38096